[Event "Sofia MTel Masters 1st"]
[Site "Sofia"]
[Date "2005.05.21"]
[Round "9"]
[White "Topalov, Veselin"]
[Black "Ponomariov, Ruslan"]
[Result "1-0"]
[WhiteElo "2778"]
[BlackElo "2695"]
[Annotator "Tyomkin,D"]
[PlyCount "59"]
[EventDate "2005.05.12"]
[EventType "tourn"]
[EventRounds "10"]
[EventCountry "BUL"]
[EventCategory "20"]
[SourceTitle "CBM 107"]
[Source "ChessBase"]
[SourceDate "2005.08.01"]
[SourceVersion "1"]
[SourceVersionDate "2005.08.01"]
[SourceQuality "1"]

{[%mdl 1]} 1. d4 {I believe Ponomariov was prepared for 1.e4 - the move which
Topalov used to beat Ruslan in Corus 2005;} Nf6 2. c4 e6 3. Nf3 b6 4. g3 Ba6 5.
b3 Bb4+ 6. Bd2 Be7 7. Nc3 O-O (7... c6 8. e4 d5 9. Qc2 dxe4 10. Nxe4 Bb7 11.
Neg5 {1-0 Topalov,V-Anand,V/Sofia 2005/CBM 107_01/[Tyomkin,] (52)}) 8. Rc1 {
Topalov's variation again! I must notice that it's his first victory in this
variation!} (8. Bg2 {is a move usually played in this position;}) 8... c6 {
I recommended this move in CBM 105, but missed a strong improvement for White
in this line on move 10... I'm sorry, Ruslan;} (8... Bb7 9. Bg2 d5 10. Ne5 Na6
11. cxd5 exd5 12. O-O c5 13. Be3 Re8 14. Nd3 Qd7 15. Na4 cxd4 16. Bxd4 Ne4 $11
{1/2-1/2 Topalov,V-Kramnik,V/Monaco 2004/CBM 099 ext (41)}) (8... Ba3 {Finkel}
9. Rc2 (9. Rb1 d5 10. cxd5 (10. b4 c5 11. bxc5 bxc5 12. cxd5 exd5 13. Qa4 cxd4
14. Qxa3 dxc3 15. Bxc3 Ne4 $13) 10... exd5 11. Bg2 c5 12. O-O Nc6 13. Bg5 Re8
$132) 9... Nc6 10. Bc1 Bb4 (10... Bxc1 11. Rxc1 Bb7 12. Bg2 Ne7 13. O-O d6 14.
Qd3 Re8 15. e4 $14) 11. Bg2 (11. a3 Bxc3+ 12. Rxc3 Bb7 13. Bg2 Ne7 14. O-O d6
$13) 11... b5 $5 {Beliavsky is famous for his uncompromising style, that's why
he starts a fight for the initiative from the very first moves.} 12. cxb5 {
1/2-1/2 Ionov,S-Beliavsky,A/Sochi 2004/CBM 101/[Finkel,A] (81)} Bxb5 13. Bd2 (
13. O-O Bxc3 14. Rxc3 Ne4 (14... Rb8 15. Re1 Ne4) 15. Re3 d5 16. a4 Ba6 17. Ba3
$14) 13... Rb8 14. O-O a5 {Black's play on the queenside is based on the
advance of the a-pawn.} 15. Nxb5 Rxb5 16. Bg5 Be7 17. Bxf6 Bxf6 18. Qd2 Nb4 19.
Rcc1 c6 20. Rfd1 Qa8 21. e3 (21. e4 d5 22. e5 Be7 23. Rc3 Rb6 24. Rdc1 $13)
21... Rfb8 22. Ne5 $6 {I don't like the idea to give Black a chance to get rid
of the knight.} Bxe5 23. dxe5 R5b7 24. Rc4 Nd5 {1/2-1/2 Ionov,S-Beliavsky,A/
Sochi 2004/CBM 101/[Finkel,A] (81)}) (8... d5 {From my annotations in CBM 105:
Judit invents a novelty, while it seems like Black got good play in the
previous games. I am not sure that Judit prepared this move at her home
preparation - she probably more expected 1.e4 from Topalov in this game.  8...
c6 followed by d5 looks like the strongest move;} 9. cxd5 Nxd5 (9... exd5 10.
Bg2 $14) 10. Nxd5 exd5 11. Bg2 Re8 12. Rc2 {This rook will serve to protect e2
- White intends to move the bishop d2 and then to castle if possible... but
this game got a completely different scenario!} Bd6 13. Bg5 Bb4+ $1 {This
intermediate check prevents white from castling in this game! Topalov
definitely expected this move.} 14. Kf1 f6 15. Bf4 Nd7 $6 {0-1 Topalov,
V-Polgar,J/Wijk aan Zee 2005/CBM 105_03/[Tyomkin,D] (53) 15...Bd6 looks safe
and logical, while Judit goes for the fast development.} (15... Bd6 16. Ne5 $1
Bb7 17. Nd3 a5 $1 $11 {[%cal Gb8a6,Ga6b4]})) 9. e4 d5 10. e5 $1 {From Sofia
reports: Veselin explained at the press conference in Sofia, he simply forgot
to play 10.e5 first (referring it to his game vs Gelfand), and opted for 10.
Bd3?! unintentionally!} (10. Bd3 dxe4 (10... dxc4 $5 11. bxc4 e5 {'!' and
black look very good here.}) (10... dxc4 $5 11. bxc4 e5 $1 {and black looks
great here.}) 11. Nxe4 Nbd7 12. Nxf6+ Nxf6 13. Bc3 c5 14. dxc5 Bxc5 15. Qe2 Bb7
16. O-O h6 (16... Re8 $5 {[%cal Ge6e5]} 17. b4 e5 18. Ng5 $6 Bd4 19. Ne4 Rc8
20. Nxf6+ Qxf6 $15 {0-1 Bologan,V-Tkachiev,V/Belfort 2004/EXT 2005 (35)}) 17.
b4 Be7 18. Rfd1 Qc7 19. Bxf6 Bxf6 20. Be4 Bxe4 21. Qxe4 a5 $1 $11 {1/2-1/2
Topalov,V-Gelfand,B/Monaco 2004/CBM 099 ext (50)}) 10... Ne4 {A good
alternative could be 10...Nfd7.} (10... Ne8 11. Bd3 c5 12. dxc5 {with a
similar scenario.}) (10... Nfd7 $5 11. Bd3 $140 (11. Bf4 $5) (11. Be3 $5) 11...
c5 {Black looks OK here;}) 11. Bd3 {Ruslan definitely saw this position for
the first time in his life...} Nxc3 $6 {All of Black's problems started from
this move;} (11... f5 12. exf6 Nxf6 13. Qe2 $14 {following with 0-0. White has
a clear edge here;}) (11... Nxd2 $142 12. Qxd2 f6 13. O-O Nd7 {and here White
must prove that he has something;}) 12. Rxc3 {From Sofia reports: "Both
Kramnik and Anand, absolutely independently from each from other, stated that
the outcome of the Topalov-Ponomariov game was already pre-determined on move
12 - here!"} c5 {Black needs to get any counterplay really fast, otherwise he
will lose on the kingside;} 13. dxc5 bxc5 {Here Ruslan could have received
counterplay by 13...d4;} (13... d4 14. Rc1 Bb7 15. cxb6 Nd7 {Black doesn't
look that bad here!}) 14. h4 {[%mdl 128] With an obvious threat Bxh7 and Ng5
then. I bet, you are familiar with this idea!} h6 $2 {Ruslan should've tried
14...Qc7 which is the best defensive move here;} (14... Re8 15. Bxh7+ $1 Kxh7
16. Ng5+ Kg8 17. Qh5 Bxg5 18. hxg5 Kf8 19. g6 $18 (19. Rf3 $1)) (14... Nc6 15.
Bxh7+ Kxh7 16. Ng5+ Kg8 17. Qh5 Bxg5 18. hxg5 {with a mate in few;}) (14... d4
15. Bxh7+ Kh8 16. Rc1 Bb7 17. Bb1 $18) (14... Qc7 $1 {Fritzy recommends 15.0-0
but I doubt that Topalov had this move in mind here;} 15. Kf1 $5 {A
recommendation of GM Shipov;} h6 16. Bb1 Nd7 17. Qc2 f5 18. exf6 Nxf6 19. Bxh6
Ne4 {with a big mess on the board;}) 15. Bb1 $16 {Ponomariov said on the press
conference: "I thought that I made all normal moves, but then I found myself
in a bad position". Topalov and his second, young prodigy and a champion of
Bulgaria Ivan Cheparinov analysed this line up to this position!} f5 {
According to Topalov, the only move was 15...Nd7;} (15... Nd7 16. Bxh6 $1 (16.
Qc2 f5 17. exf6 Nxf6 18. Re3 {This line was suggested by Topalov, but it
doesn't look very clear;} Bb7 19. Rxe6 dxc4 20. Qxc4 Bxf3 21. Rd6+ Bd5 22. Rxd8
Raxd8 $17 {and suddenly black is attacking here!}) 16... gxh6 17. Qc2 f5 18.
exf6 Rxf6 19. Qh7+ Kf8 20. Ng5 $1 $18) (15... d4 16. Qc2 g6 17. Rd3 (17. Bxh6
dxc3 18. h5 Bb7 19. hxg6 f5 $17) 17... h5 18. g4 hxg4 19. h5 {It is hard to
believe that Black can stand this attack.}) 16. exf6 $18 Bxf6 (16... Rxf6 17.
Qc2 $18) 17. Qc2 d4 (17... Bxc3 18. Bxc3 d4 19. Qh7+ Kf7 20. Qg6+ Ke7 (20...
Kg8 21. Ne5) 21. Nxd4 $1 {with decisive attack;}) {[%tqu "En","Play like
Veselin Topalov!","","","f3g5","This combo will appear in many books! You
don't need to be Topalov to continue the attack here;",10]} 18. Ng5 $1 {
[%mdl 128] This combination will appear in many books! You don't need to be
Topalov to continue the attack here;} hxg5 (18... Bxg5 19. Qh7+ Kf7 20. Bxg5 $1
hxg5 21. Rf3+ $18) 19. hxg5 dxc3 20. Bf4 {Many commentators got excited by Rh8
check in this position. In fact, 20.Bf4 is same good as 20.Rh8, and wins even
faster! But 20.Bf4 move required careful calculation from Veselin, especially
the position after 26.Rh7 where white is down a piece, and black starts
checking white king!} (20. Rh8+ Kf7 21. Qg6+ Ke7 22. gxf6+ gxf6 23. Rh7+ Kd6
24. Bf4+ Kc6 (24... e5 25. Bxe5+ $1) 25. Qe4+ ({or} 25. Be4+ $18 {and Bc7 then;
}) 25... Kb6 26. Bc7+ {seven checks in a row in this line!} Qxc7 27. Rxc7 Kxc7
28. Qxa8 $18) 20... Kf7 (20... Bd4 21. Qg6 $1 {and Rh8 next;}) 21. Qg6+ Ke7 22.
gxf6+ Rxf6 23. Qxg7+ Rf7 24. Bg5+ {Here Veselin was double-checking the
consequences of Bg5+, although White didn't have a good alternative;} Kd6 25.
Qxf7 Qxg5 26. Rh7 {The white king escapes from the checks easily;} Qe5+ (26...
Qc1+ 27. Ke2 Qd2+ 28. Kf3 Qd1+ 29. Kg2 $18) 27. Kf1 Kc6 28. Qe8+ Kb6 29. Qd8+
Kc6 30. Be4+ $1 {Final accord! 30...Qxe4 31. Qc7# Ra8 and Nb8 are still on
starting positions!} 1-0

[Event "Leon Man+Comp m"]
[Site "Leon"]
[Date "1999.06.12"]
[Round "3"]
[White "Karpov, Anatoly"]
[Black "Anand, Viswanathan"]
[Result "0-1"]
[WhiteElo "2710"]
[BlackElo "2781"]
[Annotator "Tyomkin,D"]
[PlyCount "69"]
[EventDate "1999.06.??"]
[EventType "match"]
[EventRounds "6"]
[EventCountry "ESP"]
[SourceTitle "CBM 072"]
[Source "ChessBase"]
[SourceDate "1999.10.01"]
[SourceVersion "1"]
[SourceVersionDate "1999.10.01"]
[SourceQuality "1"]

1. d4 Nf6 2. c4 e6 3. Nf3 b6 4. g3 Ba6 5. b3 Bb4+ 6. Bd2 Be7 7. Nc3 O-O 8. e4
d5 9. cxd5 Bxf1 10. Kxf1 exd5 11. e5 Ne4 12. Kg2 {Karpov has a lot of
experience in this variation with both colourse of pieces,but on other hand,
Anand had access to all Karpov's games during the game,as well as Karpov,but
he made it much faster!} (12. Qe2 Nxc3 13. Bxc3 Qd7 14. Kg2 Nc6 $6 15. Rhe1 Nd8
16. Ng1 c5 17. f4 $14 {Karpov,A-Sokolov,A (m10) Linares 1987.}) (12. Rc1 c5 $1
13. Kg2 Nc6 $10 {Karpov,A-Sokolov,A (m8) Linares 1987.}) 12... c5 $1 {A good
choice of opening line of Anand(both players used computers in this specific
match,but,as we can see,Anand is much better user!). Even in case of 12...Nc3
white doesn't get anything,as it was proved by many games.} (12... Nxc3 13.
Bxc3 Nc6 14. Re1 Qd7 15. Rc1 (15. Ng1 Nd8 16. f4 f5 17. exf6 Bxf6 18. Nf3 Ne6
19. Rc1 c5 20. dxc5 $14 {Van der Werf,M-Ligterink,G/NLD-chT plof3-4 1998/1-0 
(49)}) 15... Nd8 16. Ng1 f5 17. exf6 Bxf6 18. Bb4 $6 c5 $1 19. dxc5 Nc6 20. Ba3
b5 21. Rc2 Qf5 22. Rce2 Bc3 23. Rf1 d4 $17 {0-1 Sturua,Z-Epishin,V/Open 1998 
(32)}) (12... Qd7 13. Qe2 (13. Qc2 Nxc3 14. Bxc3 Nc6 15. h4 f5 16. Rac1 Nd8 17.
Bd2 Rc8 18. Bg5 c6 19. Bxe7 {1/2-1/2 Ribli,Z-Gurevich,M/Reggio Emilia 1988}) (
13. Re1 Nxc3 14. Bxc3 c5 {1/2-1/2 Vaganian,R-Polugaevsky,L/Sarajevo 1987})
13... Nxc3 14. Bxc3 c5 $1 15. Rad1 (15. e6 Qxe6 (15... fxe6 16. Rhe1 Bf6 17.
Qxe6+ Qxe6 18. Rxe6 $14) 16. Qxe6 fxe6 17. Rhe1 Bf6 18. Rxe6 $11) 15... Nc6 16.
Rd2 Qe6 17. Rhd1 Rfd8 18. Ng1 {[%cal Gg1h3,Gh3f4]} Rac8 $146 (18... cxd4 19.
Bxd4 Bb4 {1/2-1/2 Olafsson,H-Polugaevsky,L/Sochi 1988}) 19. Nh3 cxd4 20. Bxd4
Qf5 $6 {1-0 Hjartarson,J-Hansen,S/Aruna 1997 (56)} (20... Bb4 $142 21. Rd3 Re8
$1)) 13. Qe2 Nxc3 14. Bxc3 Qd7 15. Rhe1 Qe6 16. Ng1 {[%cal Yf2f4,Yg1h3,Yh3f4]}
Nc6 17. dxc5 (17. Rad1 $2 cxd4 18. Bxd4 Bb4 19. Rf1 Nxd4 (19... f6 $2 20. exf6
Qxe2 21. Nxe2 gxf6 22. Nf4 $16 {Kiselev,S-Shneider,A/Helsinki op 1992}) 20.
Rxd4 Bc3 21. Rh4 Qxe5 (21... Bxe5 $2 22. Qh5 h6 23. Re1) (21... h6 $5) 22. Qd3
g6 23. Nf3 Qg7 24. Qxd5 Rad8 $15 (24... Rfd8 $15)) 17... d4 18. Bd2 Bxc5 19. f4
$146 (19. Qe4 Rfe8 20. f4 Rad8 21. Nf3 d3 22. Ng5 $2 (22. Rad1 Qd5 $15 (22...
f5 23. exf6 $1 Qxe4 24. f7+ $10)) 22... Qd5 23. Rac1 Nd4 $1 $15 {Agdestein,
S-Karpov,A/Gjovik m 1991}) 19... d3 $1 {getting outpost on-d4 for black pieces.
} 20. Qe4 (20. Qxd3 $2 Rad8 {[%csl Rd2][%cal Gd8d2]} 21. Qe2 Qd5+ 22. Nf3 Nd4
23. Qd3 Nxf3 24. Qxf3 Qxf3+ 25. Kxf3 Rxd2 $19) 20... Rad8 21. Nf3 (21. f5 $2
Qd5 22. Nf3 Nd4 $1) 21... Nd4 22. Nxd4 Rxd4 $15 23. Qf3 Rfd8 24. f5 Qd5 25.
Rad1 a5 26. Qxd5 $6 (26. e6 $5 fxe6 (26... Qxf3+ 27. Kxf3 fxe6 (27... R4d5 28.
g4) 28. Rxe6 Kf7 29. Rde1 R8d7 $15 {[%cal Ga5a4]}) 27. Rxe6 a4 $15) (26. Be3 $2
Re4 27. Bxc5 Rxe1 28. Rxe1 Qxc5 $19) 26... R4xd5 27. Re4 (27. Bc3 Rc8 $17)
27... Re8 28. Bc3 $2 {Just a blunder.} (28. Rde1 f6 29. exf6 Rxe4 30. Rxe4 Rxf5
31. Re8+ $1 Kf7 32. fxg7 Rf2+ 33. Kh3 Kxg7 34. Bc3+ {[%cal Ge8d8] with good
chances to save the endgame.}) 28... f6 29. e6 Rxf5 30. Rxd3 Rf2+ 31. Kh3 Rxa2
$19 32. Rd7 {[%cal Ge4g4]} (32. Rd2 $2 Ra3 33. Rb2 f5 $19 {[%csl Rb3][%cal
Ga5a4]}) (32. g4 Rc2 {[%cal Rc5g1]} 33. Bd2 Ba3 $1 $19 {[%cal Gc2c6,Ga3b2,
Gb2e5]}) 32... h5 33. g4 Ra3 34. Kh4 Rxb3 35. Bd2 0-1

[Event "Foros Aerosvit"]
[Site "Foros"]
[Date "2007.06.21"]
[Round "4"]
[White "Van Wely, Loek"]
[Black "Jakovenko, Dmitrij"]
[Result "1-0"]
[WhiteElo "2674"]
[BlackElo "2708"]
[Annotator "Van Wely,L"]
[PlyCount "55"]
[EventDate "2007.06.18"]
[EventType "tourn"]
[EventRounds "11"]
[EventCountry "UKR"]
[EventCategory "18"]
[SourceTitle "CBM 119"]
[Source "ChessBase"]
[SourceDate "2007.08.01"]
[SourceVersion "1"]
[SourceVersionDate "2007.08.01"]
[SourceQuality "1"]

1. d4 Nf6 2. c4 e6 3. Nf3 b6 4. g3 Ba6 5. b3 Bb4+ 6. Bd2 Be7 7. Nc3 c6 8. e4 d5
9. Qe2 {This move I played for the first time against Gelfand in Monaco 2007.
Diesen Zug spielte ich zum ersten Mal gegen Gelfand in Monaco 2007.} dxe4 10.
Nxe4 Bb7 {Probably the best, although the result of the game might make you
think differently. Wahrscheinlich am besten, wenngleich man aufgrund des
Partieergebnisses anders denken könnte.} (10... c5 {was Boris's choice war die
Wahl von Boris, doch nach} {, but after} 11. dxc5 Bb7 12. Nd6+ Bxd6 13. cxd6
Qxd6 {White's pair of bishops guaranteed him a nice advantage. garantierte
Weiß das Läuferpaar einen schönen Vorteil.}) 11. Neg5 O-O 12. Bh3 {In fact I
had prepared this line for Vishy Anand , just to give him some nasty deja-vu
feelings connected to his game with Topalov in Sofia 2005. Tatsächlich hatte
ich dieses Abspiel für Vishy Anand vorbereitet, nur um ihm ein häßliches
Déjà-vu-Erlebnis bezüglich seiner Partie mit Topalov in Sofia 2005 zu
verschaffen.} h6 $2 {This is really asking for it! White's play was already
quite primitive, his intentions are quite obvious, and now Black is even
forcing White to execute his threats. No problem! Das legt es wirklich drauf
an! Das Spiel von Weiß war sowieso schon recht primitiv, seine Absichten sind
recht offensichtlich, und nun zwingt Schwarz ihn sogar, seine Drohungen
auszuführen. Kein Problem!} (12... c5 {This move was recommended by Notkin on
www.chesspro.com. Indeed it is not bad, but over the board I can imagine
things look pretty scary: Dieser Zug wurde von Notkin auf www.chesspro.com
vorgeschlagen. Tatsächlich ist er nicht übel, aber ich kann mir vorstellen,
dass die Dinge am Brett ziemlich unheimlich aussehen:} 13. Bxe6 (13. Nxf7 {
is another interesting option, you better check it by yourself! ist eine
weitere interessante Möglichkeit; die sollten Sie lieber selbst prüfen!} Rxf7
14. Bxe6 cxd4 15. Ng5 Bxh1 16. Bxf7+ Kh8 17. Be6 Qc7 18. f3 $13) 13... fxe6 14.
Qxe6+ Kh8 15. Ne5 Qc8 16. Qxe7 (16. Nef7+ Rxf7 17. Nxf7+ Kg8 18. Qxe7 Bxh1)
16... Nc6 17. Nxc6 Qxc6 18. d5 Nxd5 19. cxd5 Qxd5 20. O-O-O Rae8 21. Qc7 Rc8
$11) (12... Nbd7 {is another option, but maybe this is not the time for quiet
play. ist eine weitere Option, aber vielleicht ist dies nicht die Zeit für
ruhiges Spiel.}) 13. Nxe6 fxe6 14. Bxe6+ Kh8 15. Ne5 Qxd4 ({During the game I
thought Während der Partie hielt ich} 15... g5 {was Black's best choice, but I
have to confess, White has many dangerous options, such as für die beste Wahl
von Schwarz, aber ich muss zugeben, Weiß hat viele gefährliche Möglichkeiten
zum Beispiel} 16. Qe3 (16. Ng6+) (16. Rd1) (16. O-O) (16. Bc3) (16. h4)) 16.
O-O Bd6 17. Ng6+ Kh7 18. Bf5 $5 {Played after a long think. This was the first
move where I had to think all by myself. Scary! The toilet was occupied, so no
help could be expected from there either. Somehow I wasn't sure about the
consequences of this move, but somehow I felt like it should be good. The day
before I had killed Shirov, and I suppose as a true Highlander I had taken
over a few of his skills, one of them probably intuitive sacrifices with long
lasting initiative, based on postional grounds. Nach langem Nachdenken
gespielt. Dies war der erste Zug, wo ich ganz allein überlegen musste.
Gruselig! Die Toilette war besetzt, von dort war also auch keine Hilfe zu
erwarten. Irgendwie war ich nicht sicher bezüglich der Folgen dieses Zuges,
aber ich hatte irgendwie das Gefühl, dass er gut sein sollte. Am Tag zuvor
hatte ich Shirov umgenietet, und ich nehme an, als echter Highlander hatte ich
ein paar seiner Fähigkeiten übernommen; eine davon wahrscheinlich intuitive
Opfer mit lang anhaltender Initiative, basierend auf positionellen Gründen.} ({
The most simple solution seemed to be Die einfachste Lösung schien} 18. Nxf8+
Bxf8 19. Rad1 c5 20. Bf5+ (20. Bxh6 Qe4) 20... Kh8 {but then I discovered
Black's defensive idea with Nc6 and got worried, however, after zu sein, doch
dann entdeckte ich die schwarze Verteidigungsidee mit Nc6 und geriet in Sorge,
doch nach} 21. Bc1 $1 (21. Bxh6 Nc6) (21. Bf4 Nc6) 21... Nc6 22. Rfe1 $1 {
- I missed this quiet move - it looks like White is winning, especially the
threat Bb2 is nasty. - diesen stillen Zug hat ich übersehen - sieht es so aus,
als ob Weiß gewinnt, vor allem die Drohung Bb2 ist hässlich.}) (18. Qf3 $5 Re8
19. Bc3 Qe4 20. Nf8+ Kh8 21. Qxf6 Bxf8 22. Qxh6+ Qh7 23. Qf4 $36) 18... Re8 19.
Be3 Qc3 20. Rad1 Ba3 $6 {Allowing White a nice shot, but practically Black's
best chance, alternatives were not better and easier to refute... Ermöglicht
Weiß einen schönen Schuss, ist aber praktisch die beste Chance von Schwarz;
Alternativen waren nicht besser und einfacher zu widerlegen...} (20... Bc5 {
was what I expected, but loses pretty easily after ist, was ich erwartet hatte,
doch dies verliert ziemlich einfach nach} 21. Ne7+ Kh8 22. Bxc5 bxc5 23. Qe6)
21. Qf3 $2 {No point of going to the toilet anymore. Already too many players
were in trouble, and the queue was huge. Keinen Sinn mehr, auf Toilette zu
sehen. Es steckten bereits zu viele Spieler in Schwierigkeiten, und die
Schlange war riesig.} (21. Ne7+ $3 Kh8 22. Bd4 Rxe7 (22... Qa5 23. Bxf6 Qxf5
24. Rd8 $1 {was another important point war eine weitere wichtige Pointe.}) 23.
Bxf6 $1 {was an important point. war eine wichtige Pointe.}) 21... Bc8 $2 {
Collapsing immediately, Black could have put up some resistance with Bricht
sofort zusammen; etwas Widerstand hätte Schwarz leisten können mit} (21... Na6
{but after g4, h4 and g5 Black is still under heavy artillery fire. , doch
nach g4, h4 und g5 steht er noch immer unter schwerem Artilleriebeschuss.}) (
21... Kg8 {during the game, I thought this was the best, but after hielt ich
während der Partie für am besten, doch nach} 22. Qf4 {preparing Bd4 Black
still has to solve some problems. zur Vorbereitung von Bd4 hat Schwarz noch
immer einige Probleme zu lösen.}) 22. Bxc8 Rxc8 23. Qf5 Re8 24. Bd4 Qa5 25. c5
{Cutting off the black queen. Schneidet die schwarze Dame ab.} Kg8 26. Ne7+ $1
{The key move in the game! Der Schlüsselzug in der Partie!} Rxe7 27. Bxf6 Rd7 (
27... Qxc5 28. Rd8+ Kf7 29. Be5#) 28. Qg6 1-0